La vida del rei en Pere III / (Record no. 128821)

MARC details
000 -LEADER
campo de control de longitud fija 00862nam a2200265 i 4500
001 - NÚMERO DE CONTROL
campo de control 128821
003 - IDENTIFICADOR DE NÚMERO DE CONTROL
campo de control ES-MaACL
005 - FECHA Y HORA DE LA ÚLTIMA TRANSACCIÓN
campo de control 20260115175403.0
007 - CAMPO FIJO DE DESCRIPCIÓN FÍSICA--INFORMACIÓN GENERAL
campo de control de longitud fija t|
008 - DATOS DE LONGITUD FIJA--INFORMACIÓN GENERAL
campo de control de longitud fija 070528s1954 sp ||||1| cat d
080 ## - NÚMERO DE LA CLASIFICACIÓN DECIMAL UNIVERSAL
Número de la Clasificación Decimal Universal 92 Pedro (465.2)IV
080 ## - NÚMERO DE LA CLASIFICACIÓN DECIMAL UNIVERSAL
Número de la Clasificación Decimal Universal 946.52"1336/87"
100 1# - ENTRADA PRINCIPAL--NOMBRE DE PERSONA
Nombre de persona Tasis, Rafael.
9 (RLIN) 109362
245 13 - MENCIÓN DEL TÍTULO
Título La vida del rei en Pere III /
Mención de responsabilidad, etc. Rafael Tasis ; próleg de Ferran Soldevila.
250 ## - MENCION DE EDICION
Mención de edición [1ª ed.].
260 ## - PUBLICACIÓN, DISTRIBUCIÓN, ETC.
Lugar de publicación, distribución, etc. Barcelona :
Nombre del editor, distribuidor, etc. Aedos,
Fecha de publicación, distribución, etc. [1954]
300 ## - DESCRIPCIÓN FÍSICA
Extensión 426 p. :
Otras características físicas il. ;
Dimensiones 22 cm.
490 1# - MENCIÓN DE SERIE
Mención de serie Biblioteca Biográfia Catalana
600 14 - PUNTO DE ACCESO ADICIONAL DE MATERIA--NOMBRE DE PERSONA
Nombre de persona Pedro
Numeración IV
Títulos y otros términos asociados al nombre Rey de Aragón.
9 (RLIN) 89927
651 #4 - PUNTO DE ACCESO ADICIONAL DE MATERIA--NOMBRE GEOGRÁFICO
Nombre geográfico Aragón (Reino)-
Subdivisión general Historia-
Subdivisión cronológica 1336-1387, Pedro IV.
9 (RLIN) 7792
700 1# - ENTRADA AGREGADA--NOMBRE PERSONAL
Nombre de persona Soldevila, Ferran.
9 (RLIN) 107111
830 00 - PUNTO DE ACCESO ADICIONAL DE SERIE-TÍTULO UNIFORME
Título uniforme Biblioteca biográfica catalana
9 (RLIN) 181786
852 ## - LOCALIZACIÓN
Ubicación ES-MaACL
Número de control de estantería C-8015
Sublocalización o colección R.36147
Holdings
Estatus retirado Estado de pérdida Estado de daño No para préstamo Biblioteca de origen Biblioteca actual Ubicación en estantería Fecha de adquisición Fuente de adquisición Total de préstamos Signatura topográfica completa Código de barras Visto por última vez Precio de reemplazo Tipo de ítem Koha
        Biblioteca del Ateneo de Madrid Biblioteca del Ateneo de Madrid Sala Palomar 17/01/2008     C-8015 1134155 23/02/2023 23/02/2023 Libro impreso